Report (Record no. 692634)

MARC details
000 -LEADER
fixed length control field 00979nam a2200253Ia 4500
003 - CONTROL NUMBER IDENTIFIER
control field OSt
005 - DATE AND TIME OF LATEST TRANSACTION
control field 20220927105439.0
008 - FIXED-LENGTH DATA ELEMENTS--GENERAL INFORMATION
fixed length control field 220926b |||||||| |||| 00| 0 eng d
037 ## - SOURCE OF ACQUISITION
Terms of availability Reference Collections
040 ## - CATALOGING SOURCE
Original cataloging agency RTL
Transcribing agency RTL
Language of cataloging eng
041 ## - LANGUAGE CODE
Source of code eng
Language code of text/sound track or separate title eng
110 ## - MAIN ENTRY--CORPORATE NAME
Corporate name or jurisdiction name as entry element "INDIA, TARIFF (Board)."
9 (RLIN) 372634
245 #0 - TITLE STATEMENT
Title Report
Remainder of title Enquiry regarding the level of duties necessary to afford adeauate protection to the Indian cotton textile industry against import from the UK of cotton piecegoods and yarns artificial silk fabrics and mixed fabrics of cotton and artificial silk.
260 ## - PUBLICATION, DISTRIBUTION, ETC.
Place of publication, distribution, etc. Delhi
Name of publisher, distributor, etc. Manager of Publications
Date of publication, distribution, etc. 1936
300 ## - PHYSICAL DESCRIPTION
Extent "iv, 135p."
Dimensions cm.
500 ## - GENERAL NOTE
General note Appendix:115-135p.
700 ## - ADDED ENTRY--PERSONAL NAME
Personal name "INDIA, TARIFF (Board)."
9 (RLIN) 372635
942 ## - ADDED ENTRY ELEMENTS (KOHA)
Classification part "X9(M7):531.2.N35t, G6"
Koha item type
Holdings
Withdrawn status Lost status Damaged status Not for loan Home library Current library Date acquired Total Checkouts Full call number Barcode Date last seen Price effective from Koha item type
        Ratan Tata Library Ratan Tata Library 2022-09-27   "X9(M7):531.2.N35t G6" RT1408411 2022-09-27 2022-09-27  
Copyright @ Delhi University Library System